Statistics for Nejlepší filmy podle hodnocení na ČSFD

Click here to take the quiz!

General Stats

  • This quiz has been taken 342 times
  • The average score is 9 of 20

Answer Stats

%FilmRežisérRok% Correct
2.94,5Forrest GumpRobert Zemeckis1994
72%
1.95,3Vykoupení z věznice ShawshankFrank Darabont1994
72%
4.92,6Přelet nad kukaččím hnízdemMiloš Forman1975
67%
13.90,6Pulp Fiction: Historky z podsvětíQuentin Tarantino1994
66%
10.91,1PelíškyJan Hřebejk1999
63%
3.92,8Zelená míleFrank Darabont1999
56%
7.91,9KmotrFrancis Ford Coppola1972
52%
11.90,9Kmotr IIFrancis Ford Coppola1974
52%
16.90,3Pán prstenů: Společenstvo PrstenuPeter Jackson2001
44%
17.90,3Pán prstenů: Návrat králePeter Jackson2003
43%
5.92,3SedmDavid Fincher1995
43%
6.92,3Schindlerův seznamSteven Spielberg1993
35%
19.90,2Temný rytířChristopher Nolan2008
35%
20.90,1MatrixAndrew Paul a Larry Wachowski1999
34%
14.90,6Tenkrát na ZápaděSergio Leone1968
30%
18.90,3Gran TorinoClint Eastwood2008
28%
8.91,4NedotknutelníOlivier Nakache, Éric Toledano2011
20%
12.90,7Terminátor 2: Den zúčtováníJames Cameron1991
20%
9.91,3Dvanáct rozhněvaných mužůSidney Lumet1957
19%
15.90,4Mlčení jehňátekJonathan Demme1991
19%

Score Distribution

Percentile by Number Answered

Percent of People with Each Score

Your Score History

You have not taken this quiz